000 00565nam a2200181Ia 4500
005 20250508160720.0
008 008 250505s9999 xx 000 0 eng d
037 _aTextual
040 _aFEDL
_beng
_cFEDL
041 _aeng
_2eng
084 _a372.413, DEC
_qFEDL
100 _aDechant Emerald Ed.
_9769176
245 0 _aDetection and correction of reading difficulties : Reading with commentary
260 _aNew York, USA
_bAppleton - Century - Crofts
_c1971
300 _axi,411p
942 _cTEXL
_h372.413, DEC
999 _c1366197
_d1366197